| 000 | 00728nam a22002177a 4500 | ||
|---|---|---|---|
| 082 |
_a620.11095491 _bMAN |
||
| 100 |
_aSAMPAK International Pvt Ltd _947210 |
||
| 245 |
_aManual for quarry materials in Pakistan _cSAMPAK International Pvt Ltd |
||
| 250 | _aVolume 1 | ||
| 260 |
_aLahore _bSAMPAK International Pvt Ltd |
||
| 300 |
_bill,; _c30 cm |
||
| 526 |
_a0 _b0 _c0 _d620_110954910000000_MAN |
||
| 526 |
_a0 _b0 _c0 _d620_110954910000000_MAN |
||
| 526 |
_a0 _b0 _c0 _d620_110954910000000_MAN |
||
| 526 |
_a0 _b0 _c0 _d620_110954910000000_MAN |
||
| 526 |
_a0 _b0 _c0 _d620_110954910000000_MAN |
||
| 526 |
_a0 _b0 _c0 _d620_110954910000000_MAN |
||
| 526 |
_a0 _b0 _c0 _d620_110954910000000_MAN |
||
| 650 |
_aMCE _9379 |
||
| 942 |
_2ddc _cBK |
||
| 999 |
_c550501 _d550501 |
||